000 00761nam a22002177a 4500
999 _c14149
_d14149
003 AR-CdUCM
008 190410b ||||| |||| 00| 0 spa d
020 _a956-239-258-9
040 _aMUNICIPALIDAD PROVINCIAL DEL CUSCO
_cBIBLIOTECA MUNICIPAL DEL CUSCO
082 _aEP / 803 /
_bP39
_25ta ed.
100 _aPelayo, Pepe
_932824
245 _aCuentos de Ada /
260 _aChile :
_bGrupo Santillana,
_c2007.
300 _a67 paginas ;
_bIlustraciones, Graficos, Dibujos,
_c20 cm.
440 _aAlfaguara infantil
_932748
505 _aContenido :Las vacaciones -- La mentira -- El acto heroico -- La batalla decisiva -- La renuncia ...
650 _aCuentos
_9217
650 _aTexto educativo
_925832
942 _2ddc
_cLIBROS
945 _arum
_d2019-04-22